000 00301nam a2200121Ia 4500
008 240731s9999 xx 000 0 und d
022 _a1938-1980
245 0 _aDermato-Endocrinology
260 _bTaylor & Francis
856 _uhttps://www.tandfonline.com/loi/kder20
942 _2ddc
942 _cTFEJ
999 _c76232
_d76232
945 _a1
_bMadushi Gamage
_c1
_dMadushi Gamage